00322nam a2200109Ia 4500008004000000082001500040100003700055245004900092260003200141300001300173650002600186210210b2004 xxu||||| |||| 00| 0 eng d a570.2 SINU aSINGH (A P) and PUSHKAR (Kumar). aUpkar's CSIR UGC NET/JRF/SLET Life sciences. aAgrabUpkar Prakashanc2004 aviii,675 aCSIR UGC NET JRF SLET